[Event "Buenos Aires op 3rd"]
[Site "Buenos Aires"]
[Date "2025.07.13"]
[Round "4"]
[White "Alvarez, Mia Morena"]
[Black "Ibar, Marcelo Rodolfo"]
[Result "0-1"]
[WhiteElo "1750"]
[BlackElo "2076"]
[PlyCount "88"]
[EventDate "2025.07.11"]
[EventType "swiss"]
[EventRounds "9"]
[EventCountry "ARG"]
[SourceTitle "CB30_2025"]
[SourceDate "2025.07.23"]
[SourceVersion "1"]
[SourceVersionDate "2025.07.23"]
[SourceQuality "1"]

1. e4 e5 2. Nf3 Nc6 3. Bc4 Nf6 4. d3 Bc5 5. 0-0 h6 6. Nbd2 d6 7. c3 a5 8. Re1 0-0 9. h3 Be6 10. Bb5 Ba7 11. Nf1 Ne7 12. Ng3 c6 13. Ba4 Ng6 14. Bc2 Qc7 15. d4 Rad8 16. Be3 b5 17. Qc1 Kh7 18. Nf5 Ng8 19. h4 f6 20. d5 Bxf5 21. exf5 N6e7 22. dxc6 Bxe3 23. Qxe3 Qxc6 24. Rad1 Kh8 25. g4 Qc4 26. Nh2 Nd5 27. Qe4 Qxe4 28. Bxe4 Nf4 29. Bc6 b4 30. c4 Ne7 31. Bf3 h5 32. Nf1 hxg4 33. Bxg4 g6 34. fxg6 f5 35. Bf3 Nexg6 36. h5 Nh4 37. Nh2 e4 38. Be2 Nh3+ 39. Kf1 Rg8 40. Bg4 fxg4 41. Rxe4 Rdf8 42. Rd2 Nf3 43. Nxf3 gxf3 44. Rxd6 Rg1# 0-1

[Event "Buenos Aires op 3rd"]
[Site "Buenos Aires"]
[Date "2025.07.12"]
[Round "2"]
[White "Ibar, Marcelo Rodolfo"]
[Black "Liascovich, Lucas"]
[Result "0-1"]
[WhiteElo "2076"]
[BlackElo "2408"]
[PlyCount "109"]
[EventDate "2025.07.11"]
[EventType "swiss"]
[EventRounds "9"]
[EventCountry "ARG"]
[SourceTitle "CB30_2025"]
[SourceDate "2025.07.23"]
[SourceVersion "1"]
[SourceVersionDate "2025.07.23"]
[SourceQuality "1"]

1. Nf3 Nf6 2. c4 g6 3. g3 Bg7 4. Bg2 0-0 5. Nc3 d6 6. 0-0 Nc6 7. d4 Bg4 8. h3 Bxf3 9. Bxf3 Nd7 10. e3 e5 11. d5 Ne7 12. Bg2 f5 13. f4 Nc5 14. Bd2 e4 15. b4 Nd3 16. Rb1 Qd7 17. Kh2 c6 18. dxc6 bxc6 19. Qb3 Rab8 20. a3 d5 21. cxd5 cxd5 22. Ne2 Rfc8 23. Nc1 Nc5 24. Qa2 Na4 25. Ne2 Qb5 26. Rf2 Qc4 27. Qb3 Qxb3 28. Rxb3 Rc2 29. Nd4 Bxd4 30. exd4 Nc6 31. Be3 Rxf2 32. Bxf2 Na5 33. Rb1 Nc4 34. b5 a6 35. Rb4 axb5 36. Bf1 Nxa3 37. Be3 Nc2 38. Rb3 Nxe3 39. Rxe3 b4 40. Rb3 Nc3 41. Kg2 Kf7 42. Kf2 Ke6 43. g4 fxg4 44. hxg4 h5 45. gxh5 gxh5 46. Bh3+ Kf6 47. Bd7 h4 48. Bh3 Na2 49. Bg4 Nc1 50. Rb1 Nd3+ 51. Ke3 b3 52. Be2 b2 53. Bxd3 Rb3 54. Ke2 exd3+ 55. Kd2 0-1

[Event "Wch Seniors 65 32nd"]
[Site "Porto Santo"]
[Date "2024.11.17"]
[Round "1"]
[White "Knaak, Rainer"]
[Black "Ibar, Marcelo Rodolfo"]
[Result "1/2-1/2"]
[WhiteElo "2458"]
[BlackElo "2044"]
[PlyCount "99"]
[EventDate "2024.11.17"]
[EventType "swiss"]
[EventRounds "11"]
[EventCountry "POR"]
[SourceTitle "CB49_2024"]
[SourceDate "2024.12.04"]
[SourceVersion "1"]
[SourceVersionDate "2024.12.04"]
[SourceQuality "1"]

1. d4 Nf6 2. c4 c5 3. d5 b5 4. cxb5 a6 5. e3 axb5 6. Bxb5 Qa5+ 7. Nc3 Ba6 8. Bxa6 Nxa6 9. Nf3 g6 10. 0-0 d6 11. Nd2 Bg7 12. Nc4 Qb4 13. Qe2 Nc7 14. e4 0-0 15. Bg5 Rfe8 16. Rac1 Ra6 17. b3 Nd7 18. Bd2 Qb8 19. Ne3 Qa8 20. Rc2 e6 21. Qd1 exd5 22. Nexd5 Nxd5 23. Nxd5 Qa7 24. a4 Rxe4 25. Bc3 Bxc3 26. Nxc3 Re6 27. Rd2 Nf6 28. Re1 Qe7 29. Rxe6 Qxe6 30. Nb5 Ne8 31. Rd3 Rb6 32. h3 Rb8 33. Re3 Qf6 34. Nc3 Qd4 35. Rd3 Qe5 36. Nd5 Kg7 37. Ne3 Rd8 38. Rd5 Qc3 39. Nc4 Rb8 40. Rd3 Qb4 41. Re3 Rd8 42. Re7 Qc3 43. Re3 Qf6 44. Rf3 Qe6 45. Qa1+ Kf8 46. Re3 Qf5 47. Qe1 Nc7 48. Rf3 Qe6 49. Re3 Qf5 50. Rf3 1/2-1/2

[Event "Pan American-ch Seniors 65"]
[Site "Lima"]
[Date "2023.05.01"]
[Round "9"]
[White "Madeira, Wagner Martins"]
[Black "Ibar, Marcelo Rodolfo"]
[Result "0-1"]
[WhiteElo "2040"]
[BlackElo "2008"]
[PlyCount "140"]
[EventDate "2023.04.26"]
[EventType "swiss"]
[EventRounds "9"]
[EventCountry "PER"]
[SourceTitle "CBM 214 Extra"]
[Source "ChessBase"]
[SourceDate "2023.07.31"]
[SourceVersion "1"]
[SourceVersionDate "2023.07.31"]
[SourceQuality "1"]

1. e4 c5 2. c3 Nf6 3. e5 Nd5 4. d4 cxd4 5. cxd4 d6 6. Nf3 Nc6 7. Bc4 e6 8. 0-0 Be7 9. a3 dxe5 10. dxe5 Nb6 11. Bd3 g5 12. Qe2 h5 13. Nc3 g4 14. Nd2 Nd5 15. Nxd5 Qxd5 16. Be4 Nd4 17. Qd3 Qxe5 18. Nc4 Qg7 19. Be3 Nf3+ 20. Kh1 Ng5 21. Bd4 f6 22. Bg6+ Kf8 23. Bc5 Bd7 24. Qxd7 Bxc5 25. Qb5 Qxg6 26. Qxc5+ Kg7 27. Rad1 Kh6 28. Nd6 b6 29. Qc6 h4 30. Rd4 f5 31. f3 Raf8 32. f4 Nf7 33. Re1 Nd8 34. Qa4 Rh7 35. Nc8 Qf7 36. Red1 Qb7 37. Nd6 Qa8 38. Kg1 h3 39. R1d2 Rc7 40. Rc4 Rxc4 41. Qxc4 hxg2 42. Rd3 Qc6 43. Qxc6 Nxc6 44. Rc3 Nd4 45. Rc7 Ne2+ 46. Kxg2 Nxf4+ 47. Kg3 Nh5+ 48. Kh4 Kg6 49. Re7 Ng7 50. Rxa7 Rh8+ 51. Kg3 Rh3+ 52. Kg2 Rb3 53. Nc4 b5 54. Ne5+ Kf6 55. Nd7+ Kg5 56. Nc5 Rxb2+ 57. Kg1 Kg6 58. Nd3 Rb1+ 59. Kf2 Nh5 60. Re7 Kf6 61. Rh7 Ng7 62. Rh6+ Kg5 63. Rh7 Kg6 64. Rh8 Rb3 65. Ne5+ Kf6 66. Nd7+ Ke7 67. Nc5 Rxa3 68. Rb8 Nh5 69. Rxb5 Ra2+ 70. Kg1 Nf4 0-1

[Event "Pan American-ch Seniors 65"]
[Site "Lima"]
[Date "2023.04.27"]
[Round "2"]
[White "Ibar, Marcelo Rodolfo"]
[Black "Jimenez Molina, Juan Leon"]
[Result "1/2-1/2"]
[WhiteElo "2008"]
[BlackElo "2144"]
[PlyCount "87"]
[EventDate "2023.04.26"]
[EventType "swiss"]
[EventRounds "9"]
[EventCountry "PER"]
[SourceTitle "CBM 214 Extra"]
[Source "ChessBase"]
[SourceDate "2023.07.31"]
[SourceVersion "1"]
[SourceVersionDate "2023.07.31"]
[SourceQuality "1"]

1. Nf3 g6 2. g3 Bg7 3. Bg2 c5 4. c4 Nc6 5. 0-0 e6 6. e3 Nge7 7. d4 cxd4 8. Nxd4 d5 9. cxd5 Nxd4 10. exd4 Nxd5 11. Nc3 0-0 12. Nxd5 exd5 13. Be3 Be6 14. Qb3 Qb6 15. Qxb6 axb6 16. a3 Rfc8 17. Rfc1 Rc6 18. Rxc6 bxc6 19. Rc1 Bd7 20. Bf3 Kf8 21. Kf1 Ke7 22. Ke1 h5 23. h4 Bf6 24. Kd2 Kd8 25. Bg5 Bxg5+ 26. hxg5 Ke7 27. Rc3 Kd6 28. b4 Rh8 29. a4 h4 30. gxh4 Rxh4 31. Ke3 Rh3 32. Kf4 Rh4+ 33. Ke3 Rh3 34. Kf4 Bf5 35. Rc1 Rh4+ 36. Ke3 Rh3 37. Kf4 Be4 38. Bxe4 Rh4+ 39. Kf3 dxe4+ 40. Kg3 Rh8 41. b5 cxb5 42. axb5 Rh5 43. Kf4 Rh4+ 44. Ke3 1/2-1/2

[Event "Asuncion zt 2.5"]
[Site "Asuncion"]
[Date "2023.03.11"]
[Round "9"]
[White "Ibar, Marcelo Rodolfo"]
[Black "Melian, Juan Sebastian"]
[Result "1-0"]
[WhiteElo "1981"]
[BlackElo "2327"]
[PlyCount "159"]
[EventDate "2023.03.05"]
[EventType "swiss"]
[EventRounds "9"]
[EventCountry "PAR"]
[SourceTitle "CBM 213 Extra"]
[Source "ChessBase"]
[SourceDate "2023.05.31"]
[SourceVersion "1"]
[SourceVersionDate "2023.05.31"]
[SourceQuality "1"]

1. d4 Nf6 2. Nf3 e6 3. g3 Be7 4. Bg2 0-0 5. 0-0 d5 6. c4 dxc4 7. Qc2 b5 8. a4 b4 9. Nbd2 Bb7 10. Nxc4 c5 11. dxc5 Be4 12. Qb3 Na6 13. Bg5 Nxc5 14. Qxb4 Rb8 15. Qd2 Bd5 16. Bxf6 Bxf6 17. Qe3 Qe7 18. Nfe5 Rb3 19. Qf4 Bxe5 20. Nxe5 Bxg2 21. Kxg2 Qb7+ 22. Kg1 Rxb2 23. Qe3 Nb3 24. Rab1 Nd4 25. Rxb2 Qxb2 26. Nc4 Nxe2+ 27. Kg2 Qb7+ 28. f3 Qa6 29. Qxe2 Qxa4 30. Rd1 h6 31. Ne5 Rc8 32. Rd2 Qb4 33. Qe3 Qb1 34. Re2 Rc7 35. Qd4 Qc1 36. Qd8+ Kh7 37. Qd3+ Kg8 38. Qe3 Qa1 39. Rd2 Kh7 40. Qe4+ f5 41. Qe3 Rc1 42. Nd3 Rh1 43. Qf2 Rb1 44. Ra2 Qc3 45. Qc2 Qxc2+ 46. Rxc2 Rd1 47. Ne5 a5 48. Ra2 Rd5 49. Nc4 Rc5 50. Nxa5 e5 51. Nb7 Rd5 52. Na5 g5 53. Nc4 Rc5 54. Ne3 f4 55. Ra7+ Kg6 56. Ra6+ Kf7 57. gxf4 exf4 58. Ng4 h5 59. Nf2 Kg7 60. Ra2 Rd5 61. Ne4 g4 62. Rd2 Ra5 63. Nf2 Rg5 64. Rd4 gxf3+ 65. Kxf3 Ra5 66. Rxf4 Kg6 67. Ne4 Ra3+ 68. Kg2 Rb3 69. Rf6+ Kg7 70. Ra6 Kh7 71. Ra5 Kg6 72. Rg5+ Kh6 73. Rg3 Rb4 74. Nf6 h4 75. Ra3 Kg5 76. Nd5 Rd4 77. Ne3 Kf4 78. Nf1 Kg4 79. Rc3 Ra4 80. Rc4+ 1-0

[Event "Asuncion zt 2.5"]
[Site "Asuncion"]
[Date "2023.03.06"]
[Round "3"]
[White "Ibar, Marcelo Rodolfo"]
[Black "Amarilla Ettiene, Ezequiel"]
[Result "1-0"]
[WhiteElo "1981"]
[BlackElo "1755"]
[PlyCount "121"]
[EventDate "2023.03.05"]
[EventType "swiss"]
[EventRounds "9"]
[EventCountry "PAR"]
[SourceTitle "CBM 213 Extra"]
[Source "ChessBase"]
[SourceDate "2023.05.31"]
[SourceVersion "1"]
[SourceVersionDate "2023.05.31"]
[SourceQuality "1"]

1. e4 c5 2. Nf3 e6 3. c3 Nf6 4. e5 Nd5 5. d4 cxd4 6. Qxd4 Nc6 7. Qe4 f5 8. Qe2 b5 9. Nd4 Nxd4 10. cxd4 Qc7 11. Bd2 Bb4 12. Na3 a6 13. Bxb4 Nxb4 14. Qd2 Nc6 15. Be2 Bb7 16. 0-0 0-0 17. Rac1 Qb6 18. Rfd1 f4 19. Bf3 Ne7 20. Bxb7 Qxb7 21. f3 Nd5 22. Rc5 Rf5 23. Nc2 Raf8 24. Re1 Rg5 25. Qe2 h5 26. Qe4 Qb6 27. Re2 h4 28. h3 a5 29. Qd3 Rb8 30. Na3 Nc7 31. Rec2 Rb7 32. Qd2 Rf5 33. Qc1 Nd5 34. Nxb5 Ne3 35. Rd2 Rg5 36. Nd6 Rb8 37. Rb5 Qa7 38. Qc5 Ra8 39. Qxa7 Rxa7 40. Rb8+ Kh7 41. Rb7 Ra6 42. Ne4 Rg6 43. Rxd7 Rc6 44. Nf6+ Kh6 45. Ng4+ Kh7 46. Nxe3 fxe3 47. Re2 Rc1+ 48. Kh2 Rd1 49. Rc7 Rxd4 50. Rc3 Rg5 51. Rcxe3 Rd5 52. Re4 Rh5 53. f4 Kg6 54. Rc2 Kf5 55. Ra4 g5 56. fxg5 Kxg5 57. Re2 Rh8 58. Ree4 Rb8 59. b3 Kf5 60. Rxh4 Kxe5 61. Rh5+ 1-0

[Event "Asuncion zt 2.5"]
[Site "Asuncion"]
[Date "2023.03.06"]
[Round "2"]
[White "Munoz Orozco, Sashir Nicolas"]
[Black "Ibar, Marcelo Rodolfo"]
[Result "1/2-1/2"]
[WhiteElo "1594"]
[BlackElo "1981"]
[PlyCount "135"]
[EventDate "2023.03.05"]
[EventType "swiss"]
[EventRounds "9"]
[EventCountry "PAR"]
[SourceTitle "CBM 213 Extra"]
[Source "ChessBase"]
[SourceDate "2023.05.31"]
[SourceVersion "1"]
[SourceVersionDate "2023.05.31"]
[SourceQuality "1"]

1. d4 Nf6 2. c4 c5 3. d5 b5 4. cxb5 a6 5. b6 Qxb6 6. Nc3 d6 7. e4 g6 8. f4 Bg7 9. Nf3 0-0 10. Bc4 a5 11. 0-0 Ba6 12. Qe2 Bxc4 13. Qxc4 Qa6 14. Nd2 Nbd7 15. Rb1 Rfb8 16. Qxa6 Rxa6 17. h3 Nh5 18. Ne2 f5 19. exf5 gxf5 20. Nc4 Raa8 21. Ne3 Rf8 22. Bd2 Nb6 23. Bc3 a4 24. Rf3 Bxc3 25. bxc3 Rab8 26. Rff1 Nf6 27. Nxf5 Nfxd5 28. g4 Nc4 29. Neg3 e6 30. Rxb8 Rxb8 31. Nh6+ Kg7 32. g5 Nde3 33. Rf2 Rb1+ 34. Kh2 Nd1 35. Re2 Rb2 36. Rxb2 Ndxb2 37. Ne4 Nd3 38. f5 exf5 39. Nxf5+ Kg6 40. Nfxd6 Nxd6 41. Nxd6 Kxg5 42. Kg3 Kf6 43. Kf3 Ke6 44. Ke3 Nc1 45. Ne4 Kd5 46. a3 Kc4 47. Kd2 Nb3+ 48. Kc2 Na5 49. Nf6 h6 50. h4 Kb5 51. Kb2 Nc4+ 52. Ka2 Nd6 53. Ng4 Nf5 54. Kb2 h5 55. Nf6 Nxh4 56. Nxh5 Kc4 57. Nf4 Nf3 58. Ne6 Nd2 59. Nf4 Ne4 60. Ne6 Kd3 61. Nf4+ Kd2 62. Nd5 Kd3 63. Nf4+ Kc4 64. Ne6 Nf2 65. Kc2 Ne4 66. Kb2 Kd3 67. Nf4+ Kd2 68. Nd5 1/2-1/2

[Event "ARG-chT"]
[Site "Villa Martelli"]
[Date "2022.08.26"]
[Round "1.9"]
[White "Ibar, Marcelo Rodolfo"]
[Black "Bendahan, Matias"]
[Result "0-1"]
[WhiteElo "2016"]
[BlackElo "1748"]
[PlyCount "86"]
[EventDate "2022.08.26"]
[EventType "team-swiss"]
[EventRounds "8"]
[EventCountry "ARG"]
[SourceTitle "EXT 2023"]
[Source "ChessBase"]
[SourceDate "2022.10.05"]
[SourceVersion "1"]
[SourceVersionDate "2022.10.05"]
[SourceQuality "1"]
[WhiteTeam "Ushuaia Jaque Mate"]
[BlackTeam "Semillero de Almagro"]
[WhiteTeamCountry "ARG"]
[BlackTeamCountry "ARG"]

1. Nf3 Nf6 2. d4 d5 3. g3 Bg4 4. Bg2 Nbd7 5. 0-0 Bxf3 6. Bxf3 e5 7. dxe5 Nxe5 8. Bg2 c6 9. b3 Bd6 10. Bb2 0-0 11. Nd2 Re8 12. Re1 Bf8 13. e3 Qd7 14. Nf3 Nxf3+ 15. Qxf3 Ne4 16. Red1 Bc5 17. Rd3 Ng5 18. Qh5 Qf5 19. Bd4 g6 20. Qh4 Be7 21. Qf4 Qxf4 22. exf4 Ne4 23. Re1 f5 24. f3 Nc5 25. Rxe7 Nxd3 26. Rg7+ Kf8 27. cxd3 c5 28. Bf6 Re1+ 29. Bf1 Rae8 30. Rd7 R8e2 31. Rxd5 Rc2 32. Re5 Rd1 33. Be7+ Kf7 34. Rxc5 Rxa2 35. Rc7 Raa1 36. Bc5+ Ke6 37. Rxb7 Rxf1+ 38. Kg2 Rfe1 39. Re7+ Kf6 40. Rxa7 Re2+ 41. Kh3 Rh1 42. Ra6+ Kf7 43. Ra7+ Ke8 0-1

[Event "Buenos Aires Panno Memorial"]
[Site "Buenos Aires"]
[Date "2019.10.26"]
[Round "7"]
[White "Ibar, Marcelo Rodolfo"]
[Black "Pereyra, Jonathan Leonel"]
[Result "1/2-1/2"]
[WhiteElo "2114"]
[BlackElo "1899"]
[PlyCount "97"]
[EventDate "2019.10.17"]
[EventType "tourn"]
[EventRounds "7"]
[EventCountry "ARG"]
[SourceTitle "CBM 192 Extra"]
[Source "Chessbase"]
[SourceDate "2019.11.06"]
[SourceVersion "1"]
[SourceVersionDate "2019.11.06"]
[SourceQuality "1"]

1. d4 d5 2. Nf3 Nf6 3. c4 c6 4. Nc3 e6 5. e3 Nbd7 6. Bd3 Bd6 7. 0-0 0-0 8. e4 dxc4 9. Bxc4 e5 10. dxe5 Nxe5 11. Nxe5 Bxe5 12. Qxd8 Rxd8 13. Re1 b5 14. Bb3 a6 15. f4 Bd4+ 16. Be3 Bxc3 17. bxc3 Nxe4 18. Bb6 Re8 19. Re3 Bf5 20. Rae1 Nf6 21. Re5 g6 22. Bd4 Rxe5 23. Rxe5 Nd7 24. Re7 Rf8 25. h3 h5 26. Bd1 c5 27. g4 hxg4 28. hxg4 Be6 29. Bf2 Rc8 30. f5 gxf5 31. gxf5 Bxf5 32. Bh5 Rf8 33. Be3 Be6 34. Bf3 Rd8 35. Bg5 Ne5 36. Bh5 Rd5 37. Bf6 Kf8 38. Ra7 Bd7 39. Rxa6 Be8 40. Be2 Nd7 41. Bh4 c4 42. Bf2 Nc5 43. Ra8 Rg5+ 44. Kf1 Ne4 45. Bd4 f5 46. Bf3 Ke7 47. Bxe4 fxe4 48. Ra7+ Kd6 49. Rg7 1/2-1/2

[Event "Buenos Aires Panno Memorial"]
[Site "Buenos Aires"]
[Date "2019.10.25"]
[Round "5"]
[White "Ibar, Marcelo Rodolfo"]
[Black "Pierucci, Fabian"]
[Result "0-1"]
[WhiteElo "2114"]
[BlackElo "1930"]
[PlyCount "66"]
[EventDate "2019.10.17"]
[EventType "tourn"]
[EventRounds "7"]
[EventCountry "ARG"]
[SourceTitle "CBM 192 Extra"]
[Source "Chessbase"]
[SourceDate "2019.11.06"]
[SourceVersion "1"]
[SourceVersionDate "2019.11.06"]
[SourceQuality "1"]

1. Nf3 c5 2. g3 b6 3. Bg2 Bb7 4. c4 g6 5. 0-0 Bg7 6. Nc3 Nf6 7. Re1 d6 8. e4 Nbd7 9. d4 cxd4 10. Nxd4 Qc8 11. Be3 a6 12. Rc1 0-0 13. Nd5 Re8 14. h3 Rb8 15. b4 Ba8 16. Qd2 Ne5 17. f4 Ned7 18. Kh2 e5 19. Nb3 exf4 20. Bxf4 Ne5 21. Nxf6+ Bxf6 22. Qxd6 Re6 23. Qd2 Rb7 24. c5 Rd7 25. cxb6 Nf3+ 26. Bxf3 Rxd2+ 27. Nxd2 Rc6 28. Rxc6 Bxc6 29. e5 Bxf3 30. exf6 Bb7 31. Bc7 Qd7 32. Nb3 Qc6 33. Rg1 Qc2+ 0-1

[Event "ARG-ch U2300"]
[Site "Tacuari"]
[Date "2018.11.19"]
[Round "6"]
[White "Ibar, Marcelo Rodolfo"]
[Black "Bentancor, Franco German"]
[Result "0-1"]
[WhiteElo "2156"]
[BlackElo "2243"]
[PlyCount "94"]
[EventDate "2018.11.16"]
[EventType "swiss"]
[EventRounds "7"]
[EventCountry "ARG"]
[SourceTitle "EXT 2020"]
[Source "ChessBase"]
[SourceDate "2019.10.17"]
[SourceVersion "1"]
[SourceVersionDate "2019.10.17"]
[SourceQuality "1"]

1. e4 b6 2. d4 Bb7 3. Bd3 Nf6 4. Qe2 Nc6 5. c3 e5 6. d5 Ne7 7. g4 h5 8. g5 Nfg8 9. Na3 Ng6 10. Nc4 b5 11. Na5 c6 12. b4 Rb8 13. Be3 a6 14. dxc6 Bxc6 15. Nxc6 dxc6 16. Rd1 Qc8 17. Qf3 N8e7 18. Bf1 Qc7 19. Bh3 Rd8 20. Ne2 Rxd1+ 21. Kxd1 Nh4 22. Qg3 Neg6 23. Kc2 Bd6 24. Rd1 0-0 25. Rxd6 Qxd6 26. Bc5 Qd8 27. Bxf8 Qxf8 28. Qe3 a5 29. a3 axb4 30. axb4 Qa8 31. Kb2 Qd8 32. Kc2 Kh8 33. Bf5 Ng2 34. Qd2 Qb6 35. Nc1 N2f4 36. Nb3 Qa7 37. Na5 Nf8 38. Qe3 Qb8 39. Qc5 Qd8 40. Nxc6 Qd3+ 41. Kb2 Nd7 42. Bxd7 Qd2+ 43. Kb3 Qd1+ 44. Ka3 Qa4+ 45. Kb2 Nd3+ 46. Kb1 Qd1+ 47. Ka2 Qc2+ 0-1

[Event "Mar de Ajo op"]
[Site "Mar de Ajo"]
[Date "2018.10.27"]
[Round "3.5"]
[White "Ibar, Marcelo Rodolfo"]
[Black "Soraire, David"]
[Result "1-0"]
[WhiteElo "2182"]
[BlackElo "1774"]
[PlyCount "65"]
[EventDate "2018.10.26"]
[EventType "swiss"]
[EventRounds "6"]
[EventCountry "ARG"]
[SourceTitle "EXT 2024"]
[Source "ChessBase"]
[SourceDate "2023.10.10"]
[SourceVersion "1"]
[SourceVersionDate "2023.10.10"]
[SourceQuality "1"]

1. d4 d5 2. Nf3 e6 3. g3 f5 4. Bg2 Nf6 5. 0-0 Bd6 6. c4 c6 7. b3 0-0 8. Ba3 b6 9. Bxd6 Qxd6 10. Nbd2 Nbd7 11. Rc1 Bb7 12. Ne1 c5 13. cxd5 Bxd5 14. dxc5 Nxc5 15. Nc4 Qe7 16. Bxd5 Nxd5 17. Ne5 f4 18. N1f3 fxg3 19. hxg3 Ne4 20. Qd4 Ng5 21. Nxg5 Qxg5 22. Nf3 Qh6 23. Qg4 Rf5 24. Rc6 Nf6 25. Qc4 Rh5 26. Qxe6+ Kf8 27. Kg2 Re8 28. Rc8 Qg6 29. Re1 Qf5 30. Qxf5 Rxf5 31. Nd4 Rd5 32. e3 Ne4 33. Ne6+ 1-0

[Event "Mar de Ajo op"]
[Site "Mar de Ajo"]
[Date "2018.10.26"]
[Round "2.5"]
[White "Sosa, Adrian"]
[Black "Ibar, Marcelo Rodolfo"]
[Result "1/2-1/2"]
[WhiteElo "1697"]
[BlackElo "2182"]
[PlyCount "38"]
[EventDate "2018.10.26"]
[EventType "swiss"]
[EventRounds "6"]
[EventCountry "ARG"]
[SourceTitle "EXT 2024"]
[Source "ChessBase"]
[SourceDate "2023.10.10"]
[SourceVersion "1"]
[SourceVersionDate "2023.10.10"]
[SourceQuality "1"]

1. d4 Nf6 2. Nf3 g6 3. c4 c5 4. e3 Bg7 5. Be2 cxd4 6. exd4 d5 7. 0-0 0-0 8. c5 Nc6 9. Nc3 Bg4 10. h3 Bxf3 11. Bxf3 Ne4 12. Be3 Nxc5 13. Bxd5 Nd7 14. Bxc6 bxc6 15. Qc2 Nf6 16. Rac1 Rc8 17. Qa4 Qd7 18. Rc2 a6 19. Nd1 Nd5 1/2-1/2

[Event "ARG-ch Seniors 50/65"]
[Site "Torre Blanca"]
[Date "2018.10.22"]
[Round "6"]
[White "Sorin, Ariel"]
[Black "Ibar, Marcelo Rodolfo"]
[Result "1-0"]
[WhiteElo "2387"]
[BlackElo "2182"]
[PlyCount "58"]
[EventDate "2018.10.19"]
[EventType "swiss"]
[EventRounds "7"]
[EventCountry "ARG"]
[SourceTitle "CBM 187 Extra"]
[Source "ChessBase"]
[SourceDate "2018.11.04"]
[SourceVersion "1"]
[SourceVersionDate "2018.11.04"]
[SourceQuality "1"]

1. d4 f5 2. Nc3 Nf6 3. Bg5 e6 4. e4 Be7 5. exf5 exf5 6. Qf3 d6 7. Bd3 Nc6 8. Nge2 Qd7 9. 0-0-0 0-0 10. Bc4+ Kh8 11. Nf4 d5 12. Bb3 Na5 13. Bxf6 Nxb3+ 14. axb3 Bxf6 15. Ncxd5 Bd8 16. Rhe1 Qd6 17. Ne3 g5 18. Ne2 f4 19. Nc4 Qa6 20. Nc3 Bf5 21. Qd5 Bg6 22. Re6 c6 23. Qe5+ Kg8 24. Nd6 Qa1+ 25. Kd2 Qa6 26. Re1 f3 27. g3 Qa5 28. Nxb7 Qxe5 29. dxe5 Bb6 1-0

[Event "ARG-ch Seniors 50/65"]
[Site "Torre Blanca"]
[Date "2018.10.20"]
[Round "2"]
[White "Mussanti, Diego"]
[Black "Ibar, Marcelo Rodolfo"]
[Result "1-0"]
[WhiteElo "2325"]
[BlackElo "2182"]
[PlyCount "83"]
[EventDate "2018.10.19"]
[EventType "swiss"]
[EventRounds "7"]
[EventCountry "ARG"]
[SourceTitle "CBM 187 Extra"]
[Source "ChessBase"]
[SourceDate "2018.11.04"]
[SourceVersion "1"]
[SourceVersionDate "2018.11.04"]
[SourceQuality "1"]

1. e4 c5 2. Nf3 g6 3. d4 cxd4 4. Nxd4 Bg7 5. Nc3 Nc6 6. Be3 d6 7. Qd2 Nf6 8. f3 0-0 9. Bc4 Bd7 10. 0-0-0 Ne5 11. Bb3 Qa5 12. g4 Rfc8 13. h4 b5 14. h5 b4 15. Nd5 Nxd5 16. Bxd5 e6 17. Bb3 Ba4 18. Kb1 Bxb3 19. cxb3 Nc6 20. hxg6 hxg6 21. Qh2 Nxd4 22. Bxd4 e5 23. Be3 Qa6 24. Bh6 Qc6 25. g5 Bh8 26. Bf8 Qc2+ 27. Qxc2 Rxc2 28. Kxc2 Rxf8 29. Rxd6 Rc8+ 30. Kd2 Bg7 31. Rc1 Rb8 32. Rc7 Bf8 33. Rdd7 a5 34. Rxf7 Rb6 35. Rf6 Rb8 36. Rxg6+ Kh8 37. Re6 Rd8+ 38. Ke2 Kg8 39. Rec6 Rd4 40. Rc8 Kg7 41. R6c7+ Kg8 42. g6 1-0

[Event "ARG-ch Seniors 50/65"]
[Site "Torre Blanca"]
[Date "2018.10.19"]
[Round "1"]
[White "Ibar, Marcelo Rodolfo"]
[Black "Gras, Carlos"]
[Result "1-0"]
[WhiteElo "2182"]
[BlackElo "1925"]
[PlyCount "27"]
[EventDate "2018.10.19"]
[EventType "swiss"]
[EventRounds "7"]
[EventCountry "ARG"]
[SourceTitle "CBM 187 Extra"]
[Source "ChessBase"]
[SourceDate "2018.11.04"]
[SourceVersion "1"]
[SourceVersionDate "2018.11.04"]
[SourceQuality "1"]

1. d4 Nf6 2. Nf3 g6 3. c4 Bg7 4. Nc3 d5 5. cxd5 Nxd5 6. g3 c5 7. Bg2 cxd4 8. Nxd4 Nxc3 9. bxc3 0-0 10. 0-0 e5 11. Nb5 Qb6 12. a4 Rd8 13. a5 Qxf2+ 14. Kxf2 1-0

[Event "Judewicz Memorial U2200 sf 5th"]
[Site "Mar del Plata"]
[Date "2018.09.23"]
[Round "7.1"]
[White "Daneri, Martin"]
[Black "Ibar, Marcelo Rodolfo"]
[Result "1/2-1/2"]
[WhiteElo "2089"]
[BlackElo "2139"]
[PlyCount "32"]
[EventDate "2018.09.21"]
[EventType "swiss"]
[EventRounds "7"]
[EventCountry "ARG"]
[SourceTitle "EXT 2024"]
[Source "ChessBase"]
[SourceDate "2023.10.10"]
[SourceVersion "1"]
[SourceVersionDate "2023.10.10"]
[SourceQuality "1"]

1. d4 g6 2. Nf3 Bg7 3. Bf4 f5 4. e3 Nf6 5. Bc4 e6 6. c3 0-0 7. 0-0 d5 8. Bd3 Nbd7 9. h3 Ne4 10. Qc2 c6 11. Ne1 Qe7 12. f3 Nd6 13. Bxd6 Qxd6 14. f4 Nf6 15. Nd2 Ne4 16. Nef3 Bd7 1/2-1/2

[Event "Judewicz Memorial U2200 sf 5th"]
[Site "Mar del Plata"]
[Date "2018.09.23"]
[Round "6.1"]
[White "Ibar, Marcelo Rodolfo"]
[Black "Codigone, Maximiliano"]
[Result "1/2-1/2"]
[WhiteElo "2139"]
[BlackElo "2092"]
[PlyCount "35"]
[EventDate "2018.09.21"]
[EventType "swiss"]
[EventRounds "7"]
[EventCountry "ARG"]
[SourceTitle "EXT 2024"]
[Source "ChessBase"]
[SourceDate "2023.10.10"]
[SourceVersion "1"]
[SourceVersionDate "2023.10.10"]
[SourceQuality "1"]

1. d4 d5 2. Nf3 e6 3. c4 Nf6 4. g3 dxc4 5. Bg2 a6 6. a4 Nc6 7. 0-0 Rb8 8. a5 Nb4 9. Na3 Bd7 10. Nxc4 Bb5 11. Nfe5 Bd6 12. Qb3 Nc6 13. Nxc6 bxc6 14. Nxd6+ cxd6 15. Qc2 0-0 16. Rd1 d5 17. Bf4 Rb7 18. Bf3 1/2-1/2

[Event "World Amateur-ch U2300"]
[Site "Cagliari"]
[Date "2018.04.28"]
[Round "8"]
[White "Ehab, Mohamed"]
[Black "Ibar, Marcelo Rodolfo"]
[Result "0-1"]
[WhiteElo "2002"]
[BlackElo "2121"]
[PlyCount "66"]
[EventDate "2018.04.22"]
[EventType "swiss"]
[EventRounds "9"]
[EventCountry "ITA"]
[SourceTitle "CBM 184 Extra"]
[Source "ChessBase"]
[SourceDate "2018.06.28"]
[SourceVersion "1"]
[SourceVersionDate "2018.06.28"]
[SourceQuality "1"]

1. d4 Nf6 2. c4 g6 3. Nc3 Bg7 4. e4 d6 5. f3 0-0 6. Bg5 c5 7. d5 Nbd7 8. Nh3 a6 9. a4 Rb8 10. Be2 Qc7 11. Nf2 e6 12. 0-0 exd5 13. cxd5 c4 14. f4 b5 15. axb5 axb5 16. Bf3 Re8 17. Re1 h6 18. Bh4 b4 19. Na4 Bb7 20. Bg3 g5 21. Qd2 Nh7 22. Qxb4 Bxd5 23. Qd2 Bc6 24. fxg5 Bxa4 25. g6 Ng5 26. gxf7+ Nxf7 27. Rxa4 Rxb2 28. Qd5 Nb6 29. Qa5 Ra8 30. Qxa8+ Nxa8 31. Rxa8+ Rb8 32. e5 Rxa8 33. exd6 Qa5 0-1